00950 2200337 4500001002100000005001500021035002000036007000300056040001700059100003300076245007900109250001300188300003500201020001800236041000800254082000800262084001400270090001900284264004700303336002100350337003000371338002300401650001300424850001000437008004100447700003300488504002500521990002200546990002200568990002200590INLIS00000000000498920260516075547 a0010-0222000079ta aSBPUPADbind0 aApriadi TamburakaePengarang1 aEmpat Puluh Tujuh Hari Dalam Sandera Perompak Somalia /cApriadi Tamburaka a.-Cet. 1 a156 hal. :billus. ;c13x19 cm a979-383-127-8 aind a322 a322 APR e a323 PPI h 7-10 a.--Yogyakarta :bPenerbit Cakrawala,c2011 2rdacontentaTeks 2rdamediaaTanpa Perantara 2rdacarrieraVolume 4aPerompak aPUPAD260516 0  aPenyunting, luckyePengarang abibliografi, 151 hlm a21013/H/KAPD/2015 a21013/H/KAPD/2015 a21013/H/KAPD/2015